000 00694 a2200217 4500
999 _c7730
_d7730
020 _a140394458X
050 0 0 _aHG 5782 CHE 2007
100 1 _aChee, Harold
_eauthor
245 1 0 _aMyths about doing business in China /
_cHarold Chee and Chris West
250 _a2nd ed.
264 _aNew York :
_bPalgrave, Macmillan,
_c2007
300 _aviii, 162 p. :
_bill. ;
500 _aIncludes bibliographical references and index
504 _aIncludes bibliographical references and index
650 0 _aInvestments, Foreign
650 0 _aBusiness etiquette
650 0 _aCorporate culture
651 0 _aChina
700 1 _aWest, Christopher,
_eauthor
942 _2lcc
_cBK
_e2nd ed.
_h5782
_iCHE
_kHG